Medicina preventiva y medicina dirigida

I tiakina i:
Ngā taipitopito rārangi puna kōrero
Kaituhi matua: Cruz-Coke Lassabe, Eduardo (Author)
Hōputu: Pukapuka
Reo:Pāniora
I whakaputaina: Santiago Cámara Chilena de la Construcción 2012
Rangatū:Biblioteca Fundamentos de la Construcción de Chile, 90
Ngā marau:
Ngā Tūtohu: Tāpirihia he Tūtohu
Kāore He Tūtohu, Me noho koe te mea tuatahi ki te tūtohu i tēnei pūkete!

MARC

LEADER 00000cam a2200000 a 4500
001 UCF2542
003 CL-VaPUC
008 120824e20120000CL |||||||||||||||||spa|d
020 |a 9789568306816 
082 0 4 |a 614.44098  |b CRU  |2 21 
100 0 |a Cruz-Coke Lassabe, Eduardo  |e author  |9 320331 
245 1 0 |a Medicina preventiva y medicina dirigida 
300 |a 139 p 
942 |c BK 
945 |d 20120824 00:00:00  |a dcastane 
260 |a Santiago  |b Cámara Chilena de la Construcción  |c 2012 
650 0 |a Medicina preventiva  |9 271222 
650 0 |a Medicina   |9 258507 
583 |a last modification  |c 20120824 12:41:00  |k Rodrigo Vera 
490 0 |a Biblioteca Fundamentos de la Construcción de Chile, 90 
999 |c 349091  |d 349089 
952 |0 0  |1 0  |4 0  |6 614_440980000000000_CRU_2012  |7 0  |8 A  |9 451485  |a BIBHIS  |b BIBHIS  |d 2019-11-22  |i 4895142  |l 2  |m 4  |o 614.44098 CRU 2012  |p 4895142  |r 2025-01-20  |s 2022-12-06  |w 2019-11-22  |y BK  |k HIS